000 01277nam a22001937a 4500
008 160601b xxu||||| |||| 00| 0 eng d
020 _a9789871701469
020 _a9871701462
082 _a709.2
_bV492m
100 _aRob Verf; María Elena Lucero; María José Herrera
_95123
245 _aEl Momento = The Moment
_cRob Verf; María Elena Lucero; María José Herrera
260 _aBuenos Aires
_bElaleph
_c2012
300 _a208 pag
_b ill
_c21 cm
505 _tAmerican Beuty is not real. Seis notas sobre algunas fricciones visuales.
_rMaria Elena Lucero
_tRob verf. La pintura espejo del ser.
_rMaria José Herrera
_tEl Momento I The Moment
_rRob Verf
_tInsomnio
_tDibujos secretos
_tUtrech
_tPintura anticomercial
_tHappenings
_tDar forma a los pensamientos
_tNada
_tSeries
_tRotterdam
_tBasura
_tRusia
_tExperimentación
_tBuenos Aires
_tUruguay
_tLa Crisis
_tEl bombon de constitución
_tEl maestro
_tNueva york
_tEnseñando y aprendiendo
_tMovimiento
_tProducto X
_tColor
_tForma y Color
_tEspacio/Habitación
_t¿No somos todos prisioneros de la caverna de Platon
_tPalabras de agradecimiento
_tBiografia de Rob Verf
_tSobre los autores
650 _aRob Verf 1964-
_95124
653 _aArtistas - Biografía
653 _aArte Moderno
653 _aArtistas - Países Bajos
999 _c934
_d934